000 00524nam a2200181 i 4500
001 24844
003 ES-MaACL
005 20240412101705.0
007 t|
008 021219s1936 sp |||| |dspa d
245 0 0 _aAntología de poesía mexicana /
_c[selección de] Eduardo de Ory.
260 _aMadrid :
_bM. Aguilar,
_c1936 (
_fBolaños y Aguilar)
300 _a408 p. ;
_c19 cm.
650 7 _aPoesía mexicana
_2
_9146732
700 1 _aOry, Eduardo de.
_987707
852 _aES-MaACL
_jA-4406
999 _c24844
_d24844